Journal of Tourism and Hospitality Management

Guardado en:
Detalles Bibliográficos
Formato: Seriadas
Lenguaje:inglés
Publicado: Wilmington David Publishing Company
Etiquetas: Agregar Etiqueta
Sin Etiquetas, Sea el primero en etiquetar este registro!

MARC

LEADER 00000nas1a2200000 4500
001 0292263
005 20231103124818.2
022 |a 2328-2169 
041 0 |a eng 
044 |a DE 
245 1 0 |a Journal of Tourism and Hospitality Management 
264 1 |a Wilmington  |b David Publishing Company